000 00931cab a2200229 4500
001 ABS47120
008 090401t1992 xxu||||| |||| 00| 0 eng d
035 _a(Sirsi) u60883
041 _aeng
100 _aGould, S.
245 _aLondon`s unitary development plans: design policy content
260 _c1992
350 _a0
490 _aUrban Design Quarterly
_v(44) September 1992, 11-16(6)
520 _aBased on research which looked at design policy in 28 of the emerging Unitary Development Plans in London, to see how far effective pro-active design policy was becoming part of London`s planning system. The research sought to identify the character, quality and prescriptive value of the policies and their relevance to other authorities.
650 _aDEVELOPMENT PLANS
650 _aLONDON
650 _aUNITARY DEVELOPMENT PLANS
690 _aPLANNING LAW AND PRACTICE
942 _n0
948 _c04/03/1997
999 _c37645
_d37645